[Event "Palafrugell Gelpi Memorial 28th"]
[Site "Palafrugell"]
[Date "2015.??.??"]
[Round "3"]
[White "Gala Martinez, Raul"]
[Black "Giralt Toro, Julio"]
[Result "1-0"]
[WhiteElo "1789"]
[BlackElo "1813"]
[PlyCount "85"]
[EventDate "2015.09.26"]
[EventType "swiss"]
[EventRounds "9"]
[EventCountry "ESP"]
[SourceTitle "EXT 2017"]
[Source "ChessBase"]
[SourceDate "2016.10.25"]
[SourceVersion "1"]
[SourceVersionDate "2016.10.25"]
[SourceQuality "1"]

1. e4 e6 2. d4 d5 3. Nc3 dxe4 4. Nxe4 Nd7 5. Nf3 Ngf6 6. Nxf6+ Nxf6 7. Bd3 c5 8. dxc5 Bxc5 9. 0-0 0-0 10. Bg5 Bd7 11. Qe2 Be7 12. Rad1 Nd5 13. Bxe7 Qxe7 14. Bxh7+ Kxh7 15. Rxd5 Bc6 16. Rh5+ Kg8 17. Ne5 Be8 18. Qe4 f5 19. Qh4 Qxh4 20. Rxh4 Rd8 21. Re1 Rd2 22. Rc4 Bb5 23. Rc7 Rfd8 24. h3 Rd1 25. Rxd1 Rxd1+ 26. Kh2 Ba6 27. a3 Rd2 28. Kg3 Rd5 29. f4 Rd2 30. Nf3 Rd6 31. b4 Rb6 32. Nd4 Rd6 33. c3 Bd3 34. Rxb7 Ra6 35. Nb5 Bxb5 36. Rxb5 Rxa3 37. Rc5 Kf7 38. Kh4 Kf6 39. g4 g6 40. b5 Rb3 41. c4 Rb4 42. Rc7 Ra4 43. g5# 1-0

[Event "Palafrugell Gelpi Memorial 28th"]
[Site "Palafrugell"]
[Date "2015.??.??"]
[Round "1"]
[White "Giralt Toro, Julio"]
[Black "Fernandez Gutierrez, Miquel"]
[Result "0-1"]
[WhiteElo "1813"]
[BlackElo "2149"]
[PlyCount "74"]
[EventDate "2015.09.26"]
[EventType "swiss"]
[EventRounds "9"]
[EventCountry "ESP"]
[SourceTitle "EXT 2017"]
[Source "ChessBase"]
[SourceDate "2016.10.25"]
[SourceVersion "1"]
[SourceVersionDate "2016.10.25"]
[SourceQuality "1"]

1. d4 Nf6 2. e3 g6 3. Bd3 Bg7 4. f4 0-0 5. Nf3 c5 6. c3 d6 7. 0-0 Nc6 8. Nbd2 cxd4 9. exd4 e5 10. Ne4 exd4 11. cxd4 Bg4 12. Nxf6+ Qxf6 13. d5 Nd4 14. Be4 Rae8 15. Qd3 Nxf3+ 16. Bxf3 Qd4+ 17. Qxd4 Bxd4+ 18. Kh1 Bxf3 19. gxf3 Re2 20. Rb1 Rfe8 21. Rd1 Rc2 22. f5 Ree2 23. Bf4 Be5 24. Bxe5 Rxe5 25. fxg6 hxg6 26. Rd3 Rh5 27. Rbd1 Rcxh2+ 28. Kg1 Rh1+ 29. Kf2 R5h2+ 30. Ke3 Rxd1 31. Rxd1 Rxb2 32. a4 Rb3+ 33. Ke2 Rb4 34. a5 Rb5 35. a6 bxa6 36. Ke3 a5 37. Ke4 Kg7 0-1